Т. 320, № 3 : Химия; Известия Томского политехнического университета [Известия ТПУ]

Xehetasun bibliografikoak
Parent link:Известия Томского политехнического университета [Известия ТПУ]/ Томский политехнический университет (ТПУ). Т. 320, № 3 : Химия.— , 2000-
Hizkuntza:errusiera
Argitaratua: 2012
Gaiak:
Formatua: Liburu kapitulua
KOHA link:https://koha.lib.tpu.ru/cgi-bin/koha/opac-detail.pl?biblionumber=216371

MARC

LEADER 00000naa2a2200000 4500
001 216371
005 20260413112817.0
035 |a (RuTPU)RU\TPU\book\236341 
035 |a RU\TPU\book\222246 
090 |a 216371 
100 |a 20120524d2012 k y0rusy50 ca 
101 0 |a rus 
102 |a RU 
200 0 |a Т. 320, № 3 : Химия 
210 |d 2012 
215 |a 150 с.  |c ил. 
320 |a Библиогр. в конце статей 
461 1 |0 (RuTPU)RU\TPU\book\176237  |t Известия Томского политехнического университета [Известия ТПУ]  |f Томский политехнический университет (ТПУ)  |v Т. 320, № 3 : Химия  |d 2000-  
600 1 |a Верещагин  |b В. И.  |c химик-технолог  |c профессор Томского политехнического университета, доктор технических наук  |f 1942-  |g Владимир Иванович  |x TPU  |y Томск  |2 stltpush  |3 (RuTPU)RU\TPU\pers\19774  |9 7712 
601 0 2 |a Томский политехнический университет (ТПУ)  |c (1991-2009)  |2 stltpush  |3 (RuTPU)RU\TPU\col\376 
606 1 |a Научно-технический потенциал  |2 stltpush  |3 (RuTPU)RU\TPU\subj\45166  |9 64427 
606 1 |a Химия  |2 stltpush  |3 (RuTPU)RU\TPU\subj\17362  |9 43035 
610 1 |a нанопорошки 
610 1 |a горение в воздухе 
610 1 |a добавки 
610 1 |a оксид хрома 
610 1 |a металлы 
610 1 |a электровзрывные порошки 
610 1 |a структурные параметры 
610 1 |a размерная зависимость 
610 1 |a водоочистка 
610 1 |a фильтрующие материалы 
610 1 |a глинистое сырье 
610 1 |a спекание 
610 1 |a жидкие радиоактивные отходы 
610 1 |a перемешивание 
610 1 |a струйный способ 
610 1 |a электролитические осадки 
610 1 |a состав 
610 1 |a оценка 
610 1 |a стеариновая кислота 
610 1 |a расплавы 
610 1 |a серебро 
610 1 |a экстракция 
610 1 |a бензины 
610 1 |a риформинг 
610 1 |a нефть 
610 1 |a нефтепродукты 
610 1 |a фракционирование 
610 1 |a метанол 
610 1 |a синтез 
610 1 |a электроизоляционные пропиточные составы 
610 1 |a переменная геометрия 
610 1 |a хроматография 
610 1 |a химический анализ 
610 1 |a электрохимические методы 
610 1 |a композитные электроды 
610 1 |a попутные нефтяные газы 
610 1 |a полимерные адсорбенты 
610 1 |a труды учёных ТПУ 
675 |a 62  |v 3 
675 |a 54  |v 3 
801 1 |a RU  |b 63413507  |c 20110628 
801 2 |a RU  |b 63413507  |c 20120528  |g RCR 
942 |c CR